Greeting from the Court of the Great Mogul.

Bibliographic Details
Main Author: Coryate, Thomas, approximately 1577-1617
Format: Book
Language:English
Published: Amsterdam : New York : Theatrum Orbis Terrarum; Da Capo Press, 1968.
Series:English experience, its record in early printed books published in facsimile ; no. 30.
Subjects:

MARC

Tag First Indicator Second Indicator Subfields
LEADER 00000cam a2200000 4500
001 in00000282989
005 20151010090933.0
008 690916r19681616ne a 00000 eng
010 |a  68054628  
035 |a (OCoLC)00021792 
035 |9 ABG4998AM 
040 |a DLC  |c DLC  |d TXA  |d UtOrBLW 
049 |a TXAM  |c [634787] 
050 0 0 |a DS411  |b .C59 1968 
082 0 |a 915.4/04/25 
100 1 |a Coryate, Thomas,  |d approximately 1577-1617. 
245 1 0 |a Greeting from the Court of the Great Mogul. 
264 1 |a Amsterdam :  |b Theatrum Orbis Terrarum;  |a New York :  |b Da Capo Press,  |c 1968. 
300 |a 56 pages :  |b illustrations ;  |c 23 cm. 
336 |a text  |b txt  |2 rdacontent 
337 |a unmediated  |b n  |2 rdamedia 
338 |a volume  |b nc  |2 rdacarrier 
490 1 |a The English experience, its record in early printed books published in facsimile,  |v no. 30 
500 |a Title on spine: The Court of the Great Mogul. 
500 |a Original title page reads: Thomas Coryate, travailer for the English wits and the good of this kingdom. To all his inferiour countreymen, greeting ... from the Court of the Great Mogul, resident at the towne of Asmere in the Easterne India. Printed by W. Iaggard and Henry Fetherston, 1616. 
500 |a S.T.C. number 5811. 
651 0 |a India  |x Description and travel. 
740 0 |a Court of the Great Mogul. 
830 0 |a English experience, its record in early printed books published in facsimile ;  |v no. 30. 
999 |a MARS 
999 f f |s 2b6a5c37-d80d-3ff4-9cb3-3218c244832e  |i a3ed01c2-780e-3ac4-b285-bad6b9fcb015  |t 0 
952 f f |p ric  |a Texas A&M University  |b Rellis Campus  |c Joint Library Facility  |d Remote Storage  |t 0  |e DS411 .C59 1968  |h Library of Congress classification  |i unmediated -- volume  |m A14802043996 
998 f f |a DS411 .C59 1968  |t 0  |l Remote Storage